[Event "Harrogate 4NCL op-C 27th"]
[Site "Harrogate"]
[Date "2022.01.23"]
[Round "4"]
[White "Herd, Ewan"]
[Black "Howe, Daniel"]
[Result "1-0"]
[WhiteElo "1542"]
[BlackElo "1512"]
[PlyCount "45"]
[EventDate "2022.01.21"]
[EventType "swiss"]
[EventRounds "5"]
[EventCountry "ENG"]
[SourceTitle "CBM 206 Extra"]
[Source "ChessBase"]
[SourceDate "2022.03.31"]
[SourceVersion "1"]
[SourceVersionDate "2022.03.31"]
[SourceQuality "1"]

1. d4 Nf6 2. Bf4 d5 3. e3 Bf5 4. c3 e6 5. Qb3 b6 6. Bb5+ c6 7. Bxb8 cxb5 8. Qxb5+ Qd7 9. Qxd7+ Kxd7 10. Bg3 Be4 11. f3 Nh5 12. fxe4 Nxg3 13. hxg3 dxe4 14. Nd2 f5 15. Nc4 Bd6 16. Nxd6 Kxd6 17. Nh3 g5 18. Nxg5 Rhg8 19. Nf7+ Ke7 20. Ne5 Rxg3 21. Rxh7+ Kf6 22. Rf7+ Kg5 23. Kf2 1-0